| 000 | 01099cad a22002655a 4500 | ||
|---|---|---|---|
| 001 | L152346 | ||
| 008 | 110224s2011 xxkd f s 000 0 eng d | ||
| 035 | _a(Sirsi) u152346 | ||
| 041 | 0 | _aeng | |
| 050 | 0 | 4 | _a331.281333 $2 18 |
| 110 | 2 |
_aRoyal Institution of Chartered Surveyors _94900 |
|
| 240 | _aThe RICS and Macdonald and Company salary survey | ||
| 245 | 0 | 4 |
_aThe RICS and Macdonald and Company Middle East salary survey 2010 _bexecutive summary key findings _h[electronic resource] |
| 260 |
_aLondon _bMacdonald and Company _bRICS _c2010 |
||
| 300 |
_a24p. _bill. _c30cm. |
||
| 520 | _aExecutive summary and key findings from the RICS and Macdonald and Company middle east salary survey 2010-2011. | ||
| 521 | 2 | _aAdvanced | |
| 590 | _aKA | ||
| 650 | 2 | 4 | _aRICS SALARY AND BENEFITS SURVEYS |
| 651 | 4 | _aMiddle East | |
| 690 | _aMANAGEMENT-BUSINESS MANAGEMENT-HUMAN RESOURCE MANAGEMENT | ||
| 710 | 2 |
_aMacdonald and Company _93846 |
|
| 856 | 4 | 1 |
_uhttps://www.macdonaldandcompany.com/salary-survey-middle-east _zView the item free of charge at www.macdonaldandcompany.com... |
| 942 | _n0 | ||
| 999 |
_c112011 _d112011 |
||